[Event "EU-ch Blitz"]
[Site "Katowice"]
[Date "2022.12.16"]
[Round "16"]
[White "Golek, Jagoda"]
[Black "Pein, Jonathan"]
[Result "0-1"]
[WhiteElo "1986"]
[BlackElo "2252"]
[PlyCount "38"]
[EventDate "2022.12.16"]
[EventType "swiss (blitz)"]
[EventRounds "22"]
[EventCountry "POL"]
[SourceTitle "CBM 211 Extra"]
[Source "ChessBase"]
[SourceDate "2023.01.31"]
[SourceVersion "1"]
[SourceVersionDate "2023.01.31"]
[SourceQuality "1"]

1. e4 g6 2. d4 Bg7 3. Nf3 d6 4. h3 Nc6 5. Be2 Nf6 6. Nc3 0-0 7. 0-0 e5 8. Be3 exd4 9. Nxd4 Re8 10. f3 d5 11. exd5 Nxd5 12. Nxc6 bxc6 13. Nxd5 Qxd5 14. Bf2 Bxb2 15. Rb1 Bg7 16. Bd3 Qxa2 17. Be4 Ba6 18. Bxc6 Bxf1 19. Qxf1 Rab8 0-1

[Event "EU-ch Blitz"]
[Site "Katowice"]
[Date "2022.12.16"]
[Round "4"]
[White "Golek, Jagoda"]
[Black "Petrovskiy, Vadim"]
[Result "0-1"]
[WhiteElo "1986"]
[BlackElo "2402"]
[PlyCount "74"]
[EventDate "2022.12.16"]
[EventType "swiss (blitz)"]
[EventRounds "22"]
[EventCountry "POL"]
[SourceTitle "CBM 211 Extra"]
[Source "ChessBase"]
[SourceDate "2023.01.31"]
[SourceVersion "1"]
[SourceVersionDate "2023.01.31"]
[SourceQuality "1"]

1. e4 c5 2. Nf3 d6 3. c4 Nf6 4. Nc3 Bg4 5. Be2 Bxf3 6. Bxf3 Nc6 7. 0-0 e5 8. g3 Be7 9. Bg2 0-0 10. d3 Rb8 11. Be3 a6 12. f4 b5 13. b3 Nd4 14. Bxd4 cxd4 15. Nd5 Nxd5 16. exd5 bxc4 17. bxc4 Rb2 18. Qc1 Re2 19. Re1 Rxe1+ 20. Qxe1 exf4 21. gxf4 Bh4 22. Qe2 Re8 23. Qg4 g6 24. f5 h5 25. Qf3 Re3 26. Qf1 g5 27. Be4 Qf6 28. Rb1 g4 29. Rb8+ Kg7 30. Rb1 Rh3 31. c5 Qe5 32. Qg2 dxc5 33. d6 Qxd6 34. Rb7 Re3 35. Bd5 Re1+ 36. Qf1 Rxf1+ 37. Kxf1 Qxd5 0-1

[Event "Poznan op 26th"]
[Site "Poznan"]
[Date "2018.08.23"]
[Round "6"]
[White "Rozumek, Krzysztof"]
[Black "Golek, Jagoda"]
[Result "1/2-1/2"]
[WhiteElo "1848"]
[BlackElo "2033"]
[PlyCount "100"]
[EventDate "2018.08.19"]
[EventType "swiss"]
[EventRounds "9"]
[EventCountry "POR"]
[SourceTitle "CBM 186 Extra"]
[Source "ChessBase"]
[SourceDate "2018.08.24"]
[SourceVersion "1"]
[SourceVersionDate "2018.08.24"]
[SourceQuality "1"]

1. Nf3 c5 2. b3 d5 3. Bb2 Nc6 4. e3 Nf6 5. Bb5 Bg4 6. h3 Bd7 7. Bxc6 Bxc6 8. Ne5 Qc7 9. 0-0 g6 10. c4 Bg7 11. Qc2 0-0 12. Nxc6 Qxc6 13. d3 Rad8 14. Nd2 d4 15. exd4 cxd4 16. Rfe1 Rfe8 17. b4 e5 18. f3 Nh5 19. Nf1 f5 20. c5 Kh8 21. a4 Nf4 22. Rad1 Rc8 23. Qb3 Qf6 24. Bc1 Ne6 25. Re2 Qd8 26. Bd2 Qd7 27. a5 Nc7 28. Rde1 Nd5 29. f4 Re6 30. fxe5 Rce8 31. Kh1 f4 32. Re4 Bxe5 33. Nh2 Bg7 34. Rxe6 Rxe6 35. Rxe6 Qxe6 36. Nf3 Qd7 37. b5 Nc7 38. c6 bxc6 39. bxc6 Qxc6 40. Qb8+ Ne8 41. Bxf4 a6 42. Be5 Kg8 43. Nxd4 Bxe5 44. Qxe5 Qd7 45. Qc5 Nc7 46. Qc4+ Kg7 47. Nc6 Nb5 48. d4 Nc7 49. Nb4 Qd6 50. Qc3 Nb5 1/2-1/2

[Event "POL-chT 1st League"]
[Site "Poronin"]
[Date "2016.09.09"]
[Round "7.2"]
[White "Golek, Jagoda"]
[Black "Toma, Katarzyna"]
[Result "1/2-1/2"]
[WhiteElo "2044"]
[BlackElo "2324"]
[PlyCount "142"]
[EventDate "2016.09.03"]
[EventType "team-tourn"]
[EventRounds "9"]
[EventCountry "POL"]
[SourceTitle "CBM 174 Extra"]
[Source "ChessBase"]
[SourceDate "2016.10.10"]
[SourceVersion "1"]
[SourceVersionDate "2016.10.10"]
[SourceQuality "1"]
[WhiteTeam "Gniezno LKS Chrobry"]
[BlackTeam "Lublin Drakon"]
[WhiteTeamCountry "POL"]
[BlackTeamCountry "POL"]

1. d4 Nf6 2. c4 g6 3. Nc3 d5 4. cxd5 Nxd5 5. e4 Nxc3 6. bxc3 Bg7 7. Nf3 0-0 8. Be3 b6 9. Rc1 Bb7 10. Bd3 Nd7 11. 0-0 e6 12. Qe2 c5 13. Bg5 Qc7 14. e5 Rac8 15. Be4 Bxe4 16. Qxe4 h6 17. Be3 Qd8 18. Rfd1 Qe7 19. Qb7 Rfe8 20. Qe4 Rc7 21. Qd3 Rec8 22. Qd2 Kh7 23. Qb2 Bf8 24. h4 cxd4 25. cxd4 Qa3 26. Qb1 Qb4 27. Qe4 Rxc1 28. Rxc1 Rxc1+ 29. Bxc1 Qc4 30. Qb1 h5 31. Be3 Be7 32. g3 Qd5 33. Ng5+ Bxg5 34. hxg5 b5 35. Qb4 Nb6 36. Qe7 Qd7 37. Qc5 Kg7 38. Bd2 Nd5 39. Ba5 a6 40. a3 Qe7 41. Qc1 Kh7 42. Kh2 Qb7 43. Qc5 h4 44. Bd2 Ne7 45. Qc3 hxg3+ 46. Qxg3 Nf5 47. Qh3+ Kg7 48. Bb4 Qe4 49. Qg2 Qf4+ 50. Kh1 Nxd4 51. Be7 Qf3 52. Qxf3 Nxf3 53. Kg2 Nd4 54. f4 a5 55. Kf2 b4 56. a4 b3 57. Ba3 Nc2 58. Bb2 Kf8 59. Ke2 Ke8 60. Kd3 Nb4+ 61. Kc3 Kd7 62. Kxb3 Kc6 63. Kc4 Nd5 64. Bc1 Nb6+ 65. Kb3 Kd5 66. Bd2 Nc4 67. Bc3 Kc5 68. Be1 Kd4 69. Bc3+ Kd3 70. Be1 Kd4 71. Bc3+ Kc5 1/2-1/2

[Event "POL-chT3 Wielkopolskie 1516"]
[Site "Poland"]
[Date "2016.02.07"]
[Round "5.24"]
[White "Golek, Jagoda"]
[Black "Kubasik, Aleksandra"]
[Result "1-0"]
[WhiteElo "2045"]
[BlackElo "1141"]
[PlyCount "113"]
[EventDate "2016.01.10"]
[EventType "team-tourn"]
[EventRounds "11"]
[EventCountry "POL"]
[SourceTitle "EXT 2019"]
[Source "ChessBase"]
[SourceDate "2018.10.10"]
[SourceVersion "1"]
[SourceVersionDate "2018.10.10"]
[SourceQuality "1"]

1. e4 c5 2. Nf3 e6 3. c4 Qc7 4. Nc3 a6 5. Be2 d6 6. d4 cxd4 7. Nxd4 Nf6 8. Be3 Be7 9. 0-0 0-0 10. Rc1 b6 11. f3 Bb7 12. Qd2 Nbd7 13. Rfd1 Rac8 14. b3 Ne5 15. h3 Qb8 16. Bf2 Rfe8 17. Qe3 d5 18. f4 Ng6 19. e5 Nd7 20. cxd5 exd5 21. Nf5 Bc5 22. Qg3 Bxf2+ 23. Qxf2 Re6 24. Nd6 Rc6 25. Nxb7 Qxb7 26. f5 Rxe5 27. fxg6 Rxg6 28. Bf3 h6 29. Nxd5 Qb8 30. Nf4 Rd6 31. Rxd6 Qxd6 32. Rd1 Qe7 33. Nd5 Qe8 34. b4 Rf5 35. Ne3 Rf6 36. Ng4 Rf5 37. Qc2 Rf4 38. Qd2 Rf5 39. Qxd7 Qxd7 40. Rxd7 Rb5 41. a3 h5 42. Ne3 Re5 43. Kf2 h4 44. Nc4 Rf5 45. Ke3 g5 46. Nxb6 Rf6 47. Nd5 Re6+ 48. Kf2 Kg7 49. a4 Kg6 50. b5 axb5 51. axb5 f5 52. b6 Re8 53. Bh5+ Kh6 54. Bxe8 f4 55. Nf6 g4 56. Nxg4+ Kg5 57. Rd5# 1-0

[Event "POL-chT U26 rapid"]
[Site "Hucisko"]
[Date "2016.01.17"]
[Round "8.24"]
[White "Golek, Jagoda"]
[Black "Wasik, Justyna"]
[Result "1/2-1/2"]
[WhiteElo "2045"]
[BlackElo "1385"]
[PlyCount "101"]
[EventDate "2016.01.16"]
[EventType "team-swiss (rapid)"]
[EventRounds "9"]
[EventCountry "POL"]
[SourceTitle "CBM 170 Extra"]
[Source "ChessBase"]
[SourceDate "2016.02.25"]
[SourceVersion "1"]
[SourceVersionDate "2016.02.25"]
[SourceQuality "1"]
[WhiteTeam "Poznan PP"]
[BlackTeam "Rzeszow URz"]
[WhiteTeamCountry "POL"]
[BlackTeamCountry "POL"]

1. e4 d6 2. d4 g6 3. c4 Bg7 4. Nc3 Nf6 5. Be2 0-0 6. Be3 a6 7. h3 Bd7 8. Nf3 Nc6 9. 0-0 e5 10. d5 Ne7 11. Qd2 Nh5 12. Ng5 f5 13. Bxh5 gxh5 14. f4 h6 15. Nf3 Ng6 16. exf5 Bxf5 17. fxe5 Nxe5 18. Nxe5 Bxe5 19. Bxh6 Rf7 20. Bf4 Bxf4 21. Rxf4 Qg5 22. h4 Qh6 23. Raf1 Raf8 24. Qf2 Bg6 25. g3 Rxf4 26. gxf4 Bd3 27. Qg3+ Qg6 28. Qxg6+ Bxg6 29. b3 Kg7 30. Kg2 Kf6 31. Kf3 Bf5 32. Re1 Bg4+ 33. Kg3 Bf5 34. Ne4+ Kg6 35. Ng5 Kf6 36. Re3 Rg8 37. Kf3 Rf8 38. Kf2 Rg8 39. a3 b6 40. b4 Rf8 41. Ne6 Rf7 42. Nd4 Rf8 43. Nc6 Bd7 44. Nd4 Bg4 45. Ne6 Rf7 46. Ng5 Rg7 47. Re8 Kf5 48. Rf8+ Kg6 49. Re8 Kf5 50. Ke3 Kg6 51. Ne6 1/2-1/2

[Event "POL-chT U26 rapid"]
[Site "Hucisko"]
[Date "2016.01.16"]
[Round "5.24"]
[White "Zmarzly, Aleksandra"]
[Black "Golek, Jagoda"]
[Result "1-0"]
[WhiteElo "2011"]
[BlackElo "2045"]
[PlyCount "77"]
[EventDate "2016.01.16"]
[EventType "team-swiss (rapid)"]
[EventRounds "9"]
[EventCountry "POL"]
[SourceTitle "CBM 170 Extra"]
[Source "ChessBase"]
[SourceDate "2016.02.25"]
[SourceVersion "1"]
[SourceVersionDate "2016.02.25"]
[SourceQuality "1"]
[WhiteTeam "Wroclaw PWr"]
[BlackTeam "Poznan PP"]
[WhiteTeamCountry "POL"]
[BlackTeamCountry "POL"]

1. d4 e6 2. c4 d5 3. Nc3 c6 4. cxd5 exd5 5. Nf3 f5 6. Bf4 Nf6 7. e3 Bd6 8. Bxd6 Qxd6 9. Bd3 0-0 10. Qc2 Ne4 11. 0-0 Nd7 12. Nd2 Qh6 13. Rae1 Nxd2 14. Qxd2 Nf6 15. f3 Bd7 16. Re2 Rae8 17. Rfe1 Nh5 18. Qc2 Kh8 19. b4 Qf6 20. g3 Re7 21. b5 Rfe8 22. bxc6 bxc6 23. Na4 g5 24. Nc5 Bc8 25. Qc3 Ng7 26. Bc2 Ne6 27. Nxe6 Rxe6 28. Ba4 Ba6 29. Rc2 f4 30. e4 dxe4 31. Bxc6 e3 32. d5 Rxc6 33. dxc6 Qxc3 34. Rxc3 Kg7 35. Ra3 Bc8 36. Rxa7+ Kg6 37. g4 Rd8 38. Ra8 Kf6 39. a4 1-0

[Event "POL-ch U26 (Women) rapid"]
[Site "Hucisko"]
[Date "2016.01.15"]
[Round "5"]
[White "Murawko, Katarzyna"]
[Black "Golek, Jagoda"]
[Result "1-0"]
[WhiteElo "2031"]
[BlackElo "2045"]
[PlyCount "99"]
[EventDate "2016.01.15"]
[EventType "swiss (rapid)"]
[EventRounds "9"]
[EventCountry "POL"]
[SourceTitle "CBM 170 Extra"]
[Source "ChessBase"]
[SourceDate "2016.02.25"]
[SourceVersion "1"]
[SourceVersionDate "2016.02.25"]
[SourceQuality "1"]

1. e4 c5 2. Nf3 e6 3. d4 cxd4 4. Nxd4 a6 5. Bd3 Bc5 6. Nb3 Be7 7. c4 Qc7 8. 0-0 Nf6 9. Be3 d6 10. f4 Nbd7 11. Nc3 b6 12. Rc1 Bb7 13. Nd4 Nc5 14. Qc2 Rc8 15. b3 Ng4 16. Bd2 Bf6 17. Nce2 Be7 18. h3 Nf6 19. Nc3 g6 20. Rce1 Nh5 21. Kh2 Bh4 22. Re3 e5 23. Nd5 Bxd5 24. exd5 0-0 25. Ne2 exf4 26. Nxf4 Nxf4 27. Rxf4 Bg5 28. Rg4 Bxe3 29. Bxe3 Nd7 30. Bh6 Ne5 31. Rg3 Rfe8 32. Qf2 Qe7 33. Bb1 f6 34. Qxb6 Qc7 35. Qf2 Qe7 36. Bf5 Rc7 37. Be6+ Kh8 38. h4 f5 39. Qd4 Qf6 40. Kh3 Rxe6 41. dxe6 Qxe6 42. Bf4 Re7 43. Re3 Kg8 44. c5 Qc8 45. cxd6 Nc6 46. Qd5+ Rf7 47. Rc3 Qe8 48. Rxc6 Qe1 49. Rc7 Qh1+ 50. Bh2 1-0

[Event "Krakow op-A 25th"]
[Site "Krakow"]
[Date "2014.12.27"]
[Round "1"]
[White "Teglas, Balazs"]
[Black "Golek, Jagoda"]
[Result "1-0"]
[WhiteElo "2252"]
[BlackElo "2009"]
[PlyCount "95"]
[EventDate "2014.12.27"]
[EventType "swiss"]
[EventRounds "9"]
[EventCountry "POL"]
[SourceTitle "CBM 164 Extra"]
[Source "ChessBase"]
[SourceDate "2015.03.02"]
[SourceVersion "1"]
[SourceVersionDate "2015.03.02"]
[SourceQuality "1"]

1. d4 d5 2. Bf4 e6 3. e3 Nf6 4. Nd2 Bd6 5. Bg3 c6 6. Bd3 Qc7 7. Ngf3 Nbd7 8. c4 h6 9. Qc2 a6 10. 0-0-0 Bxg3 11. hxg3 dxc4 12. Nxc4 b5 13. Nce5 Bb7 14. Kb1 c5 15. Nxd7 Nxd7 16. g4 c4 17. g5 0-0-0 18. Be4 hxg5 19. Nxg5 Nf6 20. Bxb7+ Kxb7 21. Ne4 Nxe4 22. Qxe4+ Qc6 23. Qg4 g6 24. Qf4 Qc7 25. Qf3+ Ka7 26. Rxh8 Rxh8 27. d5 Rd8 28. e4 Rd7 29. Qe3+ Qb6 30. Qf4 Qc5 31. d6 g5 32. Qf6 Kb6 33. e5 b4 34. Qxg5 Qxf2 35. Qg4 Qc5 36. Qe4 Qc6 37. Qd4+ Qc5 38. Qe4 Qc6 39. Qe3+ Qc5 40. Rd4 Kb5 41. b3 c3 42. Qe2+ Kb6 43. Rc4 Qg1+ 44. Kc2 a5 45. Qf3 Ka7 46. Rc8 Qe1 47. Qa8+ Kb6 48. Rc6+ 1-0

[Event "EU-ch rapid"]
[Site "Wroclaw"]
[Date "2014.12.20"]
[Round "2"]
[White "Georgiadis, Nico"]
[Black "Golek, Jagoda"]
[Result "1-0"]
[WhiteElo "2465"]
[BlackElo "2009"]
[PlyCount "101"]
[EventDate "2014.12.20"]
[EventType "swiss (rapid)"]
[EventRounds "11"]
[EventCountry "POL"]
[SourceTitle "CBM 164 Extra"]
[Source "ChessBase"]
[SourceDate "2015.03.02"]
[SourceVersion "1"]
[SourceVersionDate "2015.03.02"]
[SourceQuality "1"]

1. Nf3 d5 2. b3 Nf6 3. Bb2 c5 4. e3 a6 5. g3 Nc6 6. Bg2 Bf5 7. d3 e6 8. 0-0 h6 9. Nbd2 Be7 10. Qe2 0-0 11. Rfd1 Bh7 12. a3 Rc8 13. c4 b5 14. Rac1 dxc4 15. dxc4 b4 16. Ne4 Nxe4 17. Rxd8 Rcxd8 18. h4 Na5 19. axb4 Nxb3 20. Rd1 cxb4 21. Nd4 Nxd4 22. exd4 Nd6 23. c5 Nb5 24. Qc4 Nc7 25. Qxb4 Rb8 26. Qa5 Rfc8 27. Qa2 Bc2 28. Rc1 Bb3 29. Qa1 Bd5 30. Bc3 Rb3 31. Bxd5 Nxd5 32. Qxa6 Rcb8 33. Qc4 Ra3 34. Be1 Bd8 35. c6 Bc7 36. Qc5 Rab3 37. Bd2 R3b5 38. Qa7 Rc8 39. Bf4 Nxf4 40. gxf4 Rbb8 41. Rc4 Ra8 42. Qc5 Ra1+ 43. Kg2 Rb8 44. f5 Rbb1 45. fxe6 fxe6 46. Qe7 Rg1+ 47. Kf3 Bb6 48. c7 Bxc7 49. Rxc7 Rad1 50. Qxe6+ Kh7 51. Qf5+ 1-0

[Event "POL-chT1"]
[Site "Poronin"]
[Date "2014.09.06"]
[Round "8.2"]
[White "Golek, Jagoda"]
[Black "Warakomska, Anna"]
[Result "0-1"]
[WhiteElo "2026"]
[BlackElo "2173"]
[PlyCount "84"]
[EventDate "2014.08.31"]
[EventType "team-tourn"]
[EventRounds "9"]
[EventCountry "POL"]
[SourceTitle "CBM 162 Extra"]
[Source "ChessBase"]
[SourceDate "2014.10.17"]
[SourceVersion "1"]
[SourceVersionDate "2014.10.17"]
[SourceQuality "1"]
[WhiteTeam "Gniezno LKS Chrobry"]
[BlackTeam "Czestochowa Hetman"]
[WhiteTeamCountry "POL"]
[BlackTeamCountry "POL"]

1. e4 c5 2. Nf3 Nc6 3. d4 cxd4 4. Nxd4 Nf6 5. Nc3 d6 6. Be2 e5 7. Nf3 h6 8. h3 Be7 9. 0-0 Be6 10. Re1 0-0 11. Bf1 Nb8 12. Nd5 Nxd5 13. exd5 Bf5 14. c4 Nd7 15. b3 a5 16. Ba3 Rc8 17. Qd2 Bg6 18. b4 axb4 19. Qxb4 Nc5 20. Qd2 Qd7 21. Bb2 Ra8 22. Qe3 Rfe8 23. Ba3 Rec8 24. Bb4 f5 25. Nd2 Bf6 26. Bxc5 Rxc5 27. Nb3 Rcc8 28. Qd2 Ra3 29. g3 Qa4 30. Nc1 e4 31. Rb1 Bc3 32. Qd1 Bxe1 33. Qxe1 Qa7 34. Rb3 Ra8 35. Qb4 Rxb3 36. Nxb3 e3 37. Qxd6 Qxa2 38. fxe3 Qxb3 39. Qxg6 Qxe3+ 40. Kh1 Qf3+ 41. Bg2 Ra1+ 42. Kh2 Ra2 0-1

[Event "Poznan op 22nd"]
[Site "Poznan"]
[Date "2014.08.13"]
[Round "6"]
[White "Golek, Jagoda"]
[Black "Nowak, Mikolaj"]
[Result "1-0"]
[WhiteElo "2070"]
[BlackElo "1771"]
[PlyCount "75"]
[EventDate "2014.08.09"]
[EventType "swiss"]
[EventRounds "9"]
[EventCountry "POL"]
[SourceTitle "CBM 161 Extra"]
[Source "ChessBase"]
[SourceDate "2014.08.29"]
[SourceVersion "1"]
[SourceVersionDate "2014.08.29"]
[SourceQuality "1"]

1. e4 d6 2. d4 Nf6 3. f3 g6 4. Be3 Bg7 5. Qd2 Nbd7 6. c4 b6 7. Nc3 c5 8. Nge2 Ba6 9. b3 Qc7 10. Rc1 0-0 11. d5 Rfe8 12. g3 Bc8 13. Bg2 a6 14. 0-0 Ne5 15. h3 Rb8 16. a4 Ned7 17. g4 Nf8 18. f4 Rd8 19. Kh1 Bd7 20. Qd3 Qb7 21. Ng3 b5 22. e5 Ne8 23. Nge4 bxc4 24. bxc4 f5 25. Ng3 fxg4 26. e6 gxh3 27. Bf3 Bc8 28. Nge4 Nf6 29. Ng5 Nh5 30. Bxh5 gxh5 31. Rb1 Qa8 32. f5 Rxb1 33. Rxb1 Bb7 34. Nce4 Rb8 35. Rg1 Bc8 36. Nf7 Bxe6 37. fxe6 Ng6 38. Neg5 1-0

[Event "Warsaw Najdorf Memorial op-B 12th"]
[Site "Warsaw"]
[Date "2014.07.18"]
[Round "5"]
[White "Pekacki, Stanislaw"]
[Black "Golek, Jagoda"]
[Result "0-1"]
[WhiteElo "1925"]
[BlackElo "2067"]
[PlyCount "106"]
[EventDate "2014.07.14"]
[EventType "swiss"]
[EventRounds "9"]
[EventCountry "POL"]
[SourceTitle "EXT 2016"]
[Source "ChessBase"]
[SourceDate "2015.10.08"]
[SourceVersion "1"]
[SourceVersionDate "2015.10.08"]
[SourceQuality "1"]

1. e4 c5 2. Nf3 e6 3. d3 Nc6 4. Nbd2 d6 5. g3 g6 6. Bg2 Bg7 7. 0-0 Nge7 8. Re1 0-0 9. c3 b5 10. e5 dxe5 11. Nxe5 Bxe5 12. Rxe5 Nxe5 13. Bxa8 Qxd3 14. Qe1 Qd6 15. Bg2 Nd3 16. Qe2 f5 17. f4 c4 18. Nf3 Nc6 19. Be3 a6 20. b3 Re8 21. bxc4 bxc4 22. Nd2 Na5 23. Bd4 Bd7 24. Nxc4 Nxc4 25. Qxd3 Bb5 26. a4 Nb2 27. Qc2 Nxa4 28. Rxa4 Bxa4 29. Qxa4 Rb8 30. h4 Kf7 31. Kh2 Rb2 32. Kh3 Rd2 33. Qc4 h6 34. Qc8 Rb2 35. Bc5 Rb8 36. Bxd6 Rxc8 37. Bb4 Rb8 38. Bf1 Rb6 39. Ba5 Rb1 40. Kg2 Ra1 41. Bc7 a5 42. c4 a4 43. Be5 Rc1 44. Bd6 Rc2+ 45. Kg1 Rc3 46. Be5 Rc1 47. Bd6 Rd1 48. Bb4 Rb1 49. Bd6 Rb3 50. c5 Rc3 51. Kf2 a3 52. Be5 Rxc5 53. Bd4 Rc1 0-1

[Event "POL-chT2"]
[Site "Poronin"]
[Date "2013.09.11"]
[Round "5.12"]
[White "Bednarska, Malgorzata"]
[Black "Golek, Jagoda"]
[Result "0-1"]
[WhiteElo "2059"]
[BlackElo "2054"]
[PlyCount "80"]
[EventDate "2013.09.06"]
[EventType "team-swiss"]
[EventRounds "9"]
[EventCountry "POL"]
[SourceTitle "EXT 2015"]
[Source "ChessBase"]
[SourceDate "2014.11.20"]
[SourceVersion "1"]
[SourceVersionDate "2014.11.20"]
[SourceQuality "1"]
[WhiteTeam "Warszawa YMCA"]
[BlackTeam "Gniezno LKS Chrobry"]
[WhiteTeamCountry "POL"]
[BlackTeamCountry "POL"]

1. e4 c5 2. Nf3 d6 3. d4 cxd4 4. Nxd4 Nf6 5. Nc3 a6 6. Bc4 e6 7. 0-0 Be7 8. Bb3 b5 9. f4 Bb7 10. Be3 b4 11. e5 bxc3 12. exf6 Bxf6 13. bxc3 0-0 14. Qd2 Qc7 15. Rad1 d5 16. Ne2 a5 17. a4 Rd8 18. Bd4 Nd7 19. Rf3 Bxd4+ 20. cxd4 Nf6 21. Ng3 Rac8 22. Re1 Ne4 23. Nxe4 dxe4 24. Rg3 Qb6 25. Rd1 Bd5 26. h3 g6 27. Kh2 Bxb3 28. Rxb3 Qc7 29. c3 Qc4 30. Qa2 Rd7 31. Qa3 Rdc7 32. Rdb1 Qd3 33. Rc1 Qe3 34. Rb5 Qxf4+ 35. Kh1 Qd2 36. Rxa5 e3 37. Qa1 Rxc3 38. Rxc3 Rxc3 39. Kh2 e2 40. Re5 Qf4+ 0-1

[Event "POL-chT2"]
[Site "Poronin"]
[Date "2013.09.07"]
[Round "1"]
[White "Golek, Jagoda"]
[Black "Swiatnicka, Malgorzata"]
[Result "1-0"]
[WhiteElo "2054"]
[BlackElo "1843"]
[PlyCount "69"]
[EventDate "2013.09.06"]
[EventType "team-swiss"]
[EventRounds "9"]
[EventCountry "POL"]
[SourceTitle "EXT 2015"]
[Source "ChessBase"]
[SourceDate "2014.11.20"]
[SourceVersion "1"]
[SourceVersionDate "2014.11.20"]
[SourceQuality "1"]
[WhiteTeam "Gniezno LKS Chrobry"]
[BlackTeam "Konin Hetman"]
[WhiteTeamCountry "POL"]
[BlackTeamCountry "POL"]

1. e4 e5 2. Nf3 Nc6 3. Bb5 a6 4. Ba4 Nf6 5. 0-0 Be7 6. Re1 b5 7. Bb3 d6 8. c3 0-0 9. h3 Bb7 10. d4 Na5 11. Bc2 c5 12. d5 Rc8 13. Nbd2 Nd7 14. Nf1 Nb6 15. b3 f5 16. exf5 Nxd5 17. Bd2 Nb6 18. Ng3 Nc6 19. Qe2 Qe8 20. Rad1 h6 21. Bc1 Rd8 22. a3 Bf6 23. Ne4 Be7 24. f6 gxf6 25. Bxh6 Qh5 26. Bxf8 Kxf8 27. Ng3 Qf7 28. Nh4 Nd5 29. Ng6+ Ke8 30. Qd2 Nb8 31. Bf5 Nd7 32. Qh6 Nf8 33. Nh8 Qg8 34. Qh5+ Ng6 35. Nxg6 1-0